Statistics for Chivas Squad 2017 Starting 11 Bench

Click here to take the quiz!

General Stats

  • This quiz has been taken 68 times
  • The average score is 9 of 18

Answer Stats

PlayerAnswer% Correct
GKRodolfo Cota
90%
STAlan Pulido
84%
CBCarlos Salcido
74%
CMRodolfo Pizarro
74%
CBOswaldo Alanís
60%
CMOrbelín Pineda
56%
STÁngel Zaldívar
54%
CMCarlos Fierro
54%
RBEdwin Hernández
54%
RBMiguel Ángel Ponce
50%
GKMiguel Jiménez Ponce
50%
CBJair Pereira
48%
LMNéstor Calderón
48%
CMJosé Juan Vázquez
42%
CBHedgardo Marín
36%
CMJavier Eduardo López
30%
LBJesús Sánchez García
8%
CMMichael Pérez Ortiz
6%

Score Distribution

Percentile by Number Answered

Percent of People with Each Score

Your Score History

You have not taken this quiz